Estafilococias pulmonares en la infancia / (Record no. 136673)

MARC details
000 -LEADER
campo de control de longitud fija 00701nam a2200205 4500
001 - NÚMERO DE CONTROL
campo de control 136673
003 - IDENTIFICADOR DE NÚMERO DE CONTROL
campo de control ES-MaACL
005 - FECHA Y HORA DE LA ÚLTIMA TRANSACCIÓN
campo de control 20250902111840.0
007 - CAMPO FIJO DE DESCRIPCIÓN FÍSICA--INFORMACIÓN GENERAL
campo de control de longitud fija t|
008 - DATOS DE LONGITUD FIJA--INFORMACIÓN GENERAL
campo de control de longitud fija 070214s1960 sp r ||||1| spa d
100 1# - ENTRADA PRINCIPAL--NOMBRE DE PERSONA
Nombre de persona Sala Ginabreda, José María.
9 (RLIN) 101665
245 10 - MENCIÓN DEL TÍTULO
Título Estafilococias pulmonares en la infancia /
Mención de responsabilidad, etc. Doctor J. M. Sala Ginabreda.
260 ## - PUBLICACIÓN, DISTRIBUCIÓN, ETC.
Lugar de publicación, distribución, etc. Barcelona :
Nombre del editor, distribuidor, etc. L. Y. E.,
Fecha de publicación, distribución, etc. 1960.
300 ## - DESCRIPCIÓN FÍSICA
Extensión 77 p. :
Otras características físicas il. ;
Dimensiones 22 cm.
490 1# - MENCIÓN DE SERIE
Mención de serie Monografías de la Sociedad Catalana de Pediatría
710 2# - ENTRADA AGREGADA--NOMBRE DE ENTIDAD CORPORATIVA
Nombre de entidad corporativa o nombre de jurisdicción como elemento de entrada Sociedad Catalana de Pediatría
9 (RLIN) 6650
830 0# - PUNTO DE ACCESO ADICIONAL DE SERIE-TÍTULO UNIFORME
Título uniforme Monografías de la Sociedad Catalana de Pediatría
9 (RLIN) 220026
852 ## - LOCALIZACIÓN
Ubicación ES-MaACL
Número de control de estantería C-18876
Sublocalización o colección R.46118
Holdings
Estatus retirado Estado de pérdida Estado de daño No para préstamo Biblioteca de origen Biblioteca actual Ubicación en estantería Fecha de adquisición Fuente de adquisición Total de préstamos Signatura topográfica completa Código de barras Visto por última vez Precio de reemplazo Tipo de ítem Koha
        Biblioteca del Ateneo de Madrid Biblioteca del Ateneo de Madrid Galería 17/01/2008     C-18876 1142238 23/02/2023 23/02/2023 Libro impreso